উনিশ শতকে দেশীয় ভাষায় চিকিৎসাবিজ্ঞান-চর্চা / (Record no. 70992)
[ view plain ]
| 000 -LEADER | |
|---|---|
| fixed length control field | 01002nam a2200241 a 4500 |
| 001 - CONTROL NUMBER | |
| control field | 70992 |
| 003 - CONTROL NUMBER IDENTIFIER | |
| rucl marc code | BD-RjUL |
| 005 - DATE AND TIME OF LATEST TRANSACTION | |
| control field | 20211209082051.0 |
| 008 - FIXED-LENGTH DATA ELEMENTS--GENERAL INFORMATION | |
| fixed length control field | 170423s1995 ii a|||| |||| 001 0 ben d |
| 020 ## - INTERNATIONAL STANDARD BOOK NUMBER | |
| International Standard Book Number | 8172153597 |
| Terms of availability | : Tk. 40.00 |
| 035 ## - SYSTEM CONTROL NUMBER | |
| System control number | (BD-RjUL)71206 |
| 040 ## - CATALOGING SOURCE | |
| Original cataloging agency | BD-RjUL |
| Language of cataloging | ben |
| Transcribing agency | BD-RjUL |
| Modifying agency | BD-RjUL |
| 041 ## - LANGUAGE CODE | |
| Language code of text/sound track or separate title | ben |
| 082 ## - DEWEY DECIMAL CLASSIFICATION NUMBER | |
| Edition number | 23 |
| Classification number | 610 |
| Author mark and year | ROU 1995 |
| 100 1# - MAIN ENTRY--PERSONAL NAME | |
| Personal name | রায়, বিনয়ভূষণ |
| 9 (RLIN) | 210057 |
| 245 10 - TITLE STATEMENT | |
| Title | উনিশ শতকে দেশীয় ভাষায় চিকিৎসাবিজ্ঞান-চর্চা / |
| Statement of responsibility, etc. | বিনয়ভূষণ রায় |
| 260 ## - PUBLICATION, DISTRIBUTION, ETC. (IMPRINT) | |
| Place of publication, distribution, etc. | কলকাতা : |
| Name of publisher, distributor, etc. | আনন্দ পাবলিশার্স প্রাইভেট লি., |
| Date of publication, distribution, etc. | ১৯৯৫ |
| 300 ## - PHYSICAL DESCRIPTION | |
| Pagination | ১৪৫ পৃ. : |
| Illustrations | চিত্র. ; |
| Size | ২৫ সেমি. |
| 500 ## - GENERAL NOTE | |
| General note | নির্ঘন্ট সংযুক্ত |
| 650 ## - SUBJECT ADDED ENTRY--TOPICAL TERM | |
| Topical term or geographic name as entry element | চিকিৎসাবিজ্ঞান |
| 9 (RLIN) | 210058 |
| Topical term or geographic name as entry element | Medical science |
| 9 (RLIN) | 162202 |
| 942 ## - ADDED ENTRY ELEMENTS (KOHA) | |
| Source of classification or shelving scheme | Dewey Decimal Classification |
| Koha item type | Books |
| Lost status | Source of classification or shelving scheme | Damaged status | Not for loan | Collection code | Permanent Location | Current Location | Shelving location | Date acquired | Source of acquisition | Cost, normal purchase price | Total Checkouts | Full call number | Date last seen | Copy number | Koha item type |
|---|---|---|---|---|---|---|---|---|---|---|---|---|---|---|---|
| Dewey Decimal Classification | Not For Loan | Non-fiction | Central Library, University of Rajshahi | Central Library, University of Rajshahi | Reading Room | 04/08/1995 | News Agency | 40.00 | B 610 ROU 1995 | 23/04/2017 | C-1 | Books |